| 000 | 00503 a2200193 4500 | ||
|---|---|---|---|
| 005 | 20260409125002.0 | ||
| 008 | 260409b |||||||| |||| 00| 0 eng d | ||
| 020 |
_a9788196234645 _cRs. 895.00 |
||
| 040 | _aMAIN | ||
| 082 |
_a327.54 _bC394I |
||
| 100 | _aChauhan, Rajiv S | ||
| 245 | _aIndian defence diplomacy | ||
| 260 |
_bNisha Publications _c2024 _aNew Delhi |
||
| 300 | _a184 | ||
| 650 | _aDefence Studies | ||
| 650 | _aInternational Relations | ||
| 650 | _aIndian Diplomacy | ||
| 942 | _cBK | ||
| 999 |
_c395489 _d395489 |
||